Teoría de la modernidad y experiencia moderna del tiempo en Habermas /

El autor revisa la teoría de la justicia de John Rawls, la cual, en su opinión, es una concepción solidaria del liberalismo contractualista. En el artículo se plantea sobre la vinculación de los derechos humanos en la razón pública. Aquí se recoge la polémica sobre las relaciones entre esa razón púb...

Cur síos iomlán

Sábháilte in:
Sonraí bibleagrafaíochta
Príomhchruthaitheoir: Romero, José Manuel
Formáid: Téacs
Ábhair:
Clibeanna: Cuir clib leis
Níl clibeanna ann, Bí ar an gcéad duine le clib a chur leis an taifead seo!

MARC

LEADER 00000 a a2200000 04500
001 13279
003
040
100 |a Romero, José Manuel  
245 |a Teoría de la modernidad y experiencia moderna del tiempo en Habermas /  |c José Manuel Romero 
520 |a El autor revisa la teoría de la justicia de John Rawls, la cual, en su opinión, es una concepción solidaria del liberalismo contractualista. En el artículo se plantea sobre la vinculación de los derechos humanos en la razón pública. Aquí se recoge la polémica sobre las relaciones entre esa razón pública y el propio Rawls denomina razones comprehensivas. En el artículo se aborda cómo se vinculan esas razones comprehensivas con la razón pública o política, en su sistema procedimental para una sociedad justa  
650 |a MODERNIDAD  
650 |a TEORIA SOCIAL  
650 |a FILOSOFIA  
773 |g número 113; páginas 435-459  
999 |c 33760  |d 33760